| 000 | 01103nam a22002537a 4500 | ||
|---|---|---|---|
| 005 | 20170124102947.0 | ||
| 010 | _aA-982247 | ||
| 020 |
_c100.00 _a8173152950 |
||
| 035 | _aA-982247 | ||
| 037 | _bCen Lib/Ret | ||
| 040 |
_aDPL _bHN |
||
| 082 |
_a820.08 _bशुक्लश्री |
||
| 100 |
_aशुक्ल, श्रीलाल _950283 |
||
| 245 |
_aअज्ञेय : _cश्रीलाल शुक्ल _bकुछ रंग,कुछ राग / |
||
| 246 |
_aAgyey : kuch rang,kuch raag / _bby Shrilal Shukl |
||
| 260 |
_aनई दिल्ली _bप्रभात प्रकाशन _c1999 |
||
| 270 |
_bनई दिल्ली _a4/19, आसफ अली रोड _e110002 |
||
| 300 |
_a98पृ. _c21सेमी (सजिल्द) |
||
| 650 |
_aहिन्दी -- साहित्य _950284 |
||
| 650 |
_aहिन्दी -- कहानियां -- अज्ञेय _950285 |
||
| 650 |
_aHindi -- literature _950286 |
||
| 650 |
_aHindi - Stories -- Agyey _950287 |
||
| 942 |
_2ddc _cHN _h820.08 _mशुक्लश्री |
||
| 999 |
_c113032 _d113032 |
||